| 000 | 01163nam a2200265Ia 4500 | ||
|---|---|---|---|
| 001 | 20462 | ||
| 003 | GE_BSU | ||
| 008 | 181216s||||||||xx |||||||||||||| ||und|| | ||
| 020 | _a99940-51-42-3 | ||
| 040 | _cGE_BSU | ||
| 080 | _a811.353.1'373.2 | ||
| 100 | _aცხადაია, პაატა | ||
| 245 | _aონომასტიკის შესავალი: ქართული ონომასტიკა | ||
| 245 | _cრედ.: შუქია აფრიდონიძე | ||
| 250 | _aთსუ, ახალი ქართ. ენ. კათედრასთან არსებული ონომასტიკის ს.-კ. ლაბორატორია, თსუ-ს სიღნაღის ფილიალი | ||
| 260 | _aთბილისი | ||
| 260 | _bუნივერსალი | ||
| 260 | _c2005 | ||
| 300 | _a287გვ. ; 20სმ. | ||
| 541 | _h9ლ.15თ. | ||
| 653 | _aონომასტიკის შესავალი: ქართული ონომასტიკა | ||
| 653 | _aქართული ენა | ||
| 653 | _aქსეროქსი | ||
| 942 | _cBK | ||
| 999 |
_c53419 _d53419 |
||